| 000 | 00612nam a2200205Ia 4500 | ||
|---|---|---|---|
| 008 | 140110s9999 xx 000 0 und d | ||
| 020 |
_a9781586638443 _cRs.175 |
||
| 040 | _aLoreto College | ||
| 041 | _aEnglish | ||
| 082 |
_a822.33(ID)/HAM/CRO _bLCLIB/46845 |
||
| 100 | _aShakespeare, William, 1564-1616 | ||
| 245 |
_aHamlet _cWilliam Shakespeare; [edited by John Crowther] |
||
| 260 |
_aNew York _bSpark Pub _c2003c |
||
| 300 |
_axii,337p _c18cm |
||
| 440 | _aNo fear Shakespeare | ||
| 650 | _aEnglish Drama - 16th century | ||
| 651 | _aDrama in English | ||
| 700 | _aCrowther, John, ed. | ||
| 942 | _cBK | ||
| 999 |
_c20374 _d70853 |
||